000
00235 a2200097 4500
001
46224
100
_a
Jonowitz M
245
_a
The US Forces and the Zero Dreft
260
_a
London
_b
International Institute
_c
090
_c
29333
_d
29333
942
_a
NUST-CAE
_c
M
_c
21484
999
_c
281297
_d
281297